Direito constitucional / (Record no. 745)

MARC details
000 -LÍDER
Campo Fixo de Controle 00750nam a2200241 a 4500
001 - NÚMERO DE CONTROLE
Campo de Controle 745
003 - IDENTIFICAÇÃO DO NÚMERO DE CONTROLE
Campo de Controle BR-CuiBMT
005 - DATA E HORA DA ÚLTIMA ATUALIZAÇÃO
Campo de Controle 20231129140538.0
008 - DADOS FIXOS
Dados Fixos 231116s2003 mgb 000 0 por d
040 ## - AGÊNCIA CATALOGADORA
Código da Agência Catalogadora BR-CuiBMT
Agência que transcreveu o registro BR-CuiBMT
080 ## - Nº DA CLASSIFICAÇÃO DECIMAL UNIVERSAL
Nº Class. CDU 342
Nº edição CDU 2007
090 ## - NÚMERO DE CHAMADA
Nº classificação 342
Cutter B522d
100 10 - ENTRADA PRINCIPAL -- AUTOR PESSOAL
Nome pessoal Bernardes, Wilba Lúcia Maia
Datas associadas ao nome 1965-
245 ## - TÍTULO PRINCIPAL
Título principal Direito constitucional /
Indicação de responsabilidade Wilba Lúcia Maia Bernardes.
260 ## - PUBLICAÇÃO, DISTRIBUIÇÃO, ETC.
Local de publicação Belo Horizonte :
Editora PUC Minas Virtual,
Data 2003.
300 ## - DESCRIÇÃO FÍSICA
N. páginas ou volumes 74 p. ;
Dimensões 21 cm
504 ## - NOTA DE BIBLIOGRAFIA, ETC.
Nota de bibliografia inclui bibliografia.
650 ## - ASSUNTO TÓPICO
Cabeçalho tópico ou nome geográfico Direito constitucional
Subdivisão geográfica Brasil
650 ## - ASSUNTO TÓPICO
Cabeçalho tópico ou nome geográfico Direito constitucional
Subdivisão geral Cidadania
Subdivisão geográfica Brasil
650 ## - ASSUNTO TÓPICO
Cabeçalho tópico ou nome geográfico Direito constitucional
Subdivisão geral Estado democrático
Subdivisão geográfica Brasil
650 ## - ASSUNTO TÓPICO
Cabeçalho tópico ou nome geográfico Direito público
Subdivisão geográfica Brasil
942 ## - ELEMENTOS DE ENTRADA ADICIONAIS (KOHA)
Fonte de classificação ou esquema de arquivamento Classificação Decimal Universal
Tipo de item do Koha Livros
Holdings
Estado: removido Estado: perdido Fonte de classificação ou esquema de arquivamento Estado: danificado Indisponível para empréstimo Localização permanente Localização atual Data de aquisição Total Checkouts Número de Chamada completo Código de barras Date last seen Número do exemplar Preço efetivo a partir de Tipo de item (Koha)
    Classificação Decimal Universal     Biblioteca da Escola Superior de Contas do TCE/MT Biblioteca da Escola Superior de Contas do TCE/MT 16/11/2023   342 B522d BIBTCEMT23110624 16/11/2023 Ex. 1 16/11/2023 Livros

Powered by Koha